000 00689nam a2200193 i 4500
001 72876
003 ES-MaACL
005 20250819170106.0
007 t|
008 040903s1923 sp ||||1| spa d
100 1 _aGoicoechea y Cosculluela, Antonio.
_957614
245 1 3 _aEl feminismo político y el influjo social de la mujer :
_bconferencia pronunciada en la Sala Mozart, de Barcelona, el 16 de diciembre de 1922 /
_cAntonio Goicoechea.
260 _aMadrid :
_b[s.n.],
_c1923 (
_fImp. Blass)
300 _a38 p. ;
_c24 cm.
650 7 _aFeminismo
_2embne
_912744
650 4 _aMujeres-
_xSituación social-
_yS.XX.
_9167814
852 4 _aES-MaACL
_j1657-F-14
999 _c72876
_d72876